000
00242nam a22000857a 4500
008
161201b xxu||||| |||| 00| 0 eng d
100
_9
1710
_a
Bhatt. C
245
_a
Interaction in english literature Reader
260
_a
New delhi
_b
Frank brothers
_c
2006
999
_c
4423
_d
4423